| 000 | 00557cam a22001697a 4500 | ||
|---|---|---|---|
| 008 | 180718b1967 xxu||||| |||| 00| 0 eng d | ||
| 082 | _aT12301 X54 G237 | ||
| 100 | _aGaur,A.N. | ||
| 245 |
_aCommentaries on the essential commodities act, 1955 _cBy A.N. Gaur and V.M. Shukla |
||
| 260 |
_aLucknow _bEastern _c1967 |
||
| 300 | _aVol-I, 259p | ||
| 500 | _aRs. 15.00 | ||
| 650 | _aTrade regulation -- India | ||
| 650 | _aRationing -- Law and legislation -- India | ||
| 650 | _aIndustrial priorities -- Law and legislation -- India | ||
| 700 | _aShukla ,V.M. | ||
| 999 |
_c411789 _d411789 |
||